| 000 | 00473nam a2200145Ia 4500 | ||
|---|---|---|---|
| 008 | 181023s9999 xx 000 0 und d | ||
| 020 | _a9781138668348 | ||
| 100 | _aLanier, Lee. | ||
| 245 |
_cLee Lanier.-- _aAdvanced visual effects compositing : _btechniques for working with problematic footage / |
||
| 260 |
_aNew York : _bRoutledge _c2017 |
||
| 300 | _axii, 218 pages. | ||
| 500 | _aIncludes indexes. | ||
| 650 | _aMotion pictures -- editing. | ||
| 650 | _aPhotomontage. | ||
| 999 |
_c359302 _d359302 |
||